000
00297nam a2200133Ia 4500
008
190216s9999||||xx |||||||||||||| ||und||
100
_a
Skaria P P
245
0
_a
Macro Economic Analysis
250
_a
6th
260
_b
Vrindavan Pub
_c
1998
300
_a
312p
650
_a
Economics
942
_c
BK
999
_c
10357
_d
10357